Statistics for Three Biggest Cities in Each Region of Italy on a Map

Click here to take the quiz!

General Stats

  • This quiz has been taken 305 times
  • The average score is 37 of 60

Answers on the Map

Answers color-coded by a green-red scale on the quiz's map according to % correct below.
 

Answer Stats

Region RankPopulationCity% Correct
11,406,242Milan
99%
12,808,293Rome
99%
1366,927Florence
98%
1948,850Naples
98%
1857,910Turin
98%
2258,685Venice
98%
1315,284Bari
97%
1395,416Bologna
97%
1565,752Genoa
97%
1647,422Palermo
97%
1201,613Trieste
94%
1259,087Verona
93%
2296,266Catania
92%
1151,005Cagliari
91%
3227,424Messina
86%
2200,455Parma
85%
3210,077Padua
83%
1174,885Reggio de Calabria
81%
3189,013Modena
80%
2196,340Brescia
78%
1120,641Trento
78%
2191,050Taranto
76%
2100,170Udine
74%
133,916Aosta
73%
2107,843Bolzano
73%
3157,017Livorno
70%
199,077Ancona
69%
2131,556Salerno
69%
1164,880Perugia
67%
292,550La Spezia
65%
1119,862Pescara
64%
2125,273Sassari
60%
3124,840Monza
59%
2194,223Prato
59%
3149,673Foggia
58%
2127,037Latina
57%
287,397Catanzaro
53%
270,019L'Aquila
52%
392,876Alessandria
51%
2103,287Novara
48%
166,393Potenza
46%
2110,003Terni
45%
148,337Campobasso
43%
359,439Savona
42%
260,530Matera
39%
295,152Pesaro
36%
351,733Pordenone
36%
3118,576Giugliano in Campania
31%
321,267Isernia
29%
341,008Merano
29%
353,998Teramo
29%
368,283Quartu Sant'Elena
27%
360,411Fano
25%
233,189Termoli
23%
375,126Corigliano-Rossano
19%
355,609Foligno
19%
387,039Guidonia Montecelio
19%
317,788Policoro
15%
34,524Châtillon
14%
24,817Sarre
10%

Score Distribution

Percentile by Number Answered

Percent of People with Each Score

Your Score History

You have not taken this quiz